00468nam a2200157Ia 450000500170000000800410001708200130005810000160007124500130008726000420010030000160014265000320015894200060019095200990019699900150029520250316142348.0240331s9999 xx 000 0 und d bKUMa894 aKumaresh, T 0aPurithal aSri LankabAranyam Publicationc2003  av, 100 p ., aCollection of Short Stories cL 001040708LaWERCLbWERCLcSSCd2024-03-31l0o 894.811 KUMp1910r2024-03-31w2024-03-31yL c4367d4367